[Event "Challenge"]
[Site "http://www.queenalice.com/game.php?id=1122725"]
[Date "2012.11.16"]
[Round "-"]
[White "pcapell"]
[Black "ludovic25"]
[Result "0-1"]
[WhiteElo "1423"]
[BlackElo "1580"]

1. e4 Nc6 2. Nc3 e5 3. Nf3 Nf6 4. d3 Bc5 5. Be3 Bxe3 6. fxe3 d5 7. Qd2 d4 8.
exd4 exd4 9. e5 dxc3 10. Qxc3 Nd5 11. Qd2 O-O 12. O-O-O Bg4 13. Be2 Bxf3 14.
Bxf3 Nxe5 15. Be4 f5 16. Rhf1 fxe4 17. dxe4 Rxf1 18. Rxf1 Nb6 19. Qf4 Qf8 20.
Qf2 Qxf2 21. Rxf2 Rf8 22. Rd2 Rf1+ 23. Rd1 Rxd1+ 24. Kxd1 Ng4 25. h3 Nf2+ 26.
Ke2 Nxe4 27. Ke3 Nf6 28. g4 h6 29. Kf4 g5+ 30. Kf5 Kf7 31. b4 Nbd5 32. a3 Ne3+
33. Ke5 Nxc2 0-1

[Event "Challenge"]
[Site "http://www.queenalice.com/game.php?id=1122726"]
[Date "2012.11.16"]
[Round "-"]
[White "vinoseco"]
[Black "ludovic25"]
[Result "0-1"]
[WhiteElo "1537"]
[BlackElo "1684"]

1. e4 e5 2. Nf3 Nc6 3. Bb5 a6 4. Bxc6 dxc6 5. O-O Bg4 6. d3 Bc5 7. Be3 Bxe3 8.
fxe3 Nf6 9. Qd2 Qd7 10. Nxe5 Qe6 11. Nc4 O-O-O 12. e5 Ne4 13. Qb4 Ng5 14. h4
Nh3+ 15. gxh3 Bxh3 16. Rf3 Qg4+ 17. Kf2 Qg2+ 18. Ke1 Qxf3 19. Nbd2 Qh1+ 20. Nf1
Qxf1+ 21. Kd2 Qxa1 22. a3 Rd5 23. e4 Rd4 24. Qc5 Rxc4 25. Qxc4 Qxb2 26. Qxf7
Qxe5 27. Qf3 Qh2+ 28. Kc3 Be6 29. h5 Rd8 30. a4 Qd6 31. a5 Qa3+ 32. Kd2 Qxa5+
33. c3 Qg5+ 34. Kc2 Qg4 35. Qxg4 Bxg4 36. d4 Bxh5 37. e5 g5 38. c4 Rxd4 39. Kc3
c5 40. e6 g4 41. e7 g3 42. e8=Q+ Bxe8 43. Kb3 g2 44. Kc3 g1=Q 45. Kb3 Qe3+ 46.
Kc2 Rd2+ 47. Kc1 Qe1# 0-1

[Event "Challenge"]
[Site "http://www.queenalice.com/game.php?id=1122727"]
[Date "2012.11.16"]
[Round "-"]
[White "ludovic25"]
[Black "ajr"]
[Result "1-0"]
[WhiteElo "1431"]
[BlackElo "1534"]

1. Nf3 d5 2. d4 h6 3. Nc3 Nf6 4. h3 Nc6 5. Bf4 a6 6. e3 g5 7. Be5 Nxe5 8. dxe5
Ne4 9. Nxe4 dxe4 10. Qxd8+ Kxd8 11. O-O-O+ Ke8 12. Nd2 Bg7 13. Nxe4 Bxe5 14. Rd5
f6 15. Bc4 c6 16. Rd3 Bf5 17. f3 Bxe4 18. fxe4 Rd8 19. Rhd1 Rxd3 20. Rxd3 b5 21.
Be6 c5 22. Rd7 a5 23. Ra7 a4 24. Ra8+ 1-0

[Event "Challenge"]
[Site "http://www.queenalice.com/game.php?id=1122942"]
[Date "2012.11.16"]
[Round "-"]
[White "vangogh"]
[Black "ludovic25"]
[Result "0-1"]
[WhiteElo "1340"]
[BlackElo "1354"]

1. e4 Nc6 2. Nc3 e5 3. Nf3 Nf6 4. Bc4 Bc5 5. Ng5 O-O 6. a4 d5 7. exd5 Nxd5 8.
Bxd5 Qxg5 9. g3 Bg4 10. f3 Qf6 11. fxg4 Qf2# 0-1

[Event "Challenge"]
[Site "http://www.queenalice.com/game.php?id=1125815"]
[Date "2012.11.25"]
[Round "-"]
[White "SGF"]
[Black "ludovic25"]
[Result "0-1"]
[WhiteElo "1673"]
[BlackElo "1641"]

1. e4 e5 2. Qf3 Nc6 3. Bc4 Nf6 4. c3 d5 5. exd5 e4 6. Qf4 Bd6 7. Qg5 Ne5 8. Qxg7
Rg8 9. Qh6 Rg6 10. Qh4 Nxc4 11. b3 Ne5 12. c4 Nd3+ 13. Kf1 Nxc1 14. Nc3 Nd3 15.
Nxe4 Rg4 16. Nxf6+ Kf8 17. Nxh7+ Ke8 18. Nf6+ Qxf6 19. Qxf6 Rf4 20. Qh8+ Bf8 21.
Nh3 Bxh3 22. Ke2 Bf5 23. Ke3 Kd7 24. Qf6 Re8+ 25. Qe6+ fxe6 26. Ke2 exd5+ 27.
Kd1 Nxf2+ 28. Kc1 Ba3# 0-1

[Event "Challenge"]
[Site "http://www.queenalice.com/game.php?id=1125816"]
[Date "2012.11.25"]
[Round "-"]
[White "ludovic25"]
[Black "kuntakinte"]
[Result "1-0"]
[WhiteElo "1723"]
[BlackElo "1678"]

1. d4 d5 2. Nf3 Nf6 3. Bg5 Ne4 4. Bf4 Nc6 5. Nc3 e6 6. Nxe4 dxe4 7. Ne5 a6 8. c3
f6 9. Nxc6 bxc6 10. e3 Be7 11. Qg4 O-O 12. Bh6 g6 13. Bxf8 Bxf8 14. Qxe4 Qd6 15.
Qf4 Qe7 16. Bc4 Bb7 17. Qe4 Re8 18. Rd1 f5 19. Qd3 Rd8 20. Bxa6 Ba8 21. O-O c5
22. a4 Qg5 23. f3 e5 24. d5 Rxd5 25. Bc4 e4 26. Bxd5+ Bxd5 27. Qxd5+ Kg7 28.
Qe5+ Kh6 29. f4 Qe7 30. Qxe7 Bxe7 31. Rd7 Bd6 32. a5 c4 33. Rxd6 cxd6 34. a6 d5
35. a7 d4 36. a8=Q dxe3 37. Qf8+ Kh5 38. Qh8 e2 39. Qxh7+ Kg4 40. Qh3# 1-0

[Event "Challenge"]
[Site "http://www.queenalice.com/game.php?id=1125817"]
[Date "2012.11.25"]
[Round "-"]
[White "nuage"]
[Black "ludovic25"]
[Result "0-1"]
[WhiteElo "1485"]
[BlackElo "1610"]

1. Nf3 Nc6 2. g3 e5 3. d3 d5 4. Bg2 Nf6 5. Bg5 Be6 6. O-O h6 7. Bxf6 Qxf6 8. Nc3
O-O-O 9. a3 e4 10. Nd2 exd3 11. cxd3 h5 12. h4 g5 13. Nf3 Bh6 14. Qa4 Bh3 15.
Bxh3+ g4 16. Nxd5 Rxd5 17. Bg2 gxf3 18. Bxf3 Rd4 19. Qb5 Rxh4 20. gxh4 Rg8+ 21.
Bg2 Qg6 22. Qd5 Ne7 23. Qxb7+ Kd7 24. Rac1 Bxc1 25. Qb5+ c6 26. Qb7+ Ke6 27.
Qb3+ Nd5 28. Rxc1 Qxg2# 0-1

[Event "Challenge"]
[Site "http://www.queenalice.com/game.php?id=1125818"]
[Date "2012.11.25"]
[Round "-"]
[White "ludovic25"]
[Black "silent1"]
[Result "0-1"]
[WhiteElo "1750"]
[BlackElo "1730"]

1. e4 e5 2. Nf3 d6 3. Bc4 h6 4. d4 Be7 5. O-O Nf6 6. dxe5 Nxe4 7. Nc3 Nxc3 8.
bxc3 O-O 9. Re1 Nc6 10. e6 Bxe6 11. Rxe6 fxe6 12. Bxe6+ Kh8 13. Qd5 Bf6 14. Bd2
Rb8 15. Nd4 Nxd4 16. cxd4 c5 17. Re1 Bxd4 18. Be3 Bxe3 19. Rxe3 Qb6 20. h3 Qb1+
21. Kh2 Qxc2 0-1

[Event "Challenge"]
[Site "http://www.queenalice.com/game.php?id=1125820"]
[Date "2012.11.25"]
[Round "-"]
[White "ludovic25"]
[Black "jajerduco"]
[Result "1-0"]
[WhiteElo "1772"]
[BlackElo "1706"]

1. e4 c5 2. Nf3 e6 3. d3 d5 4. Nbd2 Nc6 5. g3 g6 6. Bg2 Bg7 7. c3 d4 8. c4 e5 9.
O-O Nf6 10. Nb3 Qe7 11. Nh4 Bg4 12. f3 Be6 13. g4 Nd7 14. g5 O-O-O 15. f4 b6 16.
f5 gxf5 17. exf5 Nb4 18. fxe6 Qxe6 19. Nf5 Rhg8 20. Bd5 Nxd5 21. cxd5 Qg6 22.
Ne7+ Kb8 23. Nxg6 hxg6 24. Na5 bxa5 25. Qb3+ Nb6 26. Rxf7 a4 27. Qb5 Rc8 28. Qa6
Rc7 29. Rxc7 Kxc7 30. Qxa7+ Kd6 31. Qxb6+ Kxd5 32. Qxg6 e4 33. Qxe4+ Kd6 34.
Bf4+ Kd7 35. Qd5+ Ke7 36. Re1+ Kf8 37. Bd6# 1-0

[Event "Challenge"]
[Site "http://www.queenalice.com/game.php?id=1126017"]
[Date "2012.11.26"]
[Round "-"]
[White "belzinha"]
[Black "ludovic25"]
[Result "0-1"]
[WhiteElo "1572"]
[BlackElo "1856"]

1. e4 e5 2. Nf3 Nc6 3. Bc4 Nf6 4. Nc3 Bc5 5. h3 d6 6. Ng5 O-O 7. d3 h6 8. Nf3
Nd4 9. Be3 c6 10. Na4 Qa5+ 11. Nc3 b5 12. Bb3 d5 13. Nxe5 dxe4 14. dxe4 Nxb3 15.
axb3 Qb6 16. Bxc5 Qxc5 17. Nd3 Qd4 18. f3 Re8 19. Nf2 Qe5 20. O-O Be6 21. Ra6 b4
22. Ne2 Qb5 23. Qd3 Qc5 24. Nd4 Bd7 25. Kh1 Rad8 26. Rfa1 Qg5 27. Rxa7 c5 28.
Nb5 Qg3 29. Kg1 Bxh3 30. Qf1 Bd7 31. Qc4 Bxb5 32. Qxb5 Rd2 33. Qxc5 Re5 34. Qe3
Rg5 35. Kf1 Qxg2+ 36. Ke1 Rxc2 37. Kd1 Rxf2 38. Ra8+ Kh7 39. Qe1 Rf1 40. Qxf1
Qxf1+ 41. Kd2 Rg2+ 42. Ke3 Qf2+ 43. Kf4 Qd2+ 44. Kf5 Rg5# 0-1

[Event "Challenge"]
[Site "http://www.queenalice.com/game.php?id=1126018"]
[Date "2012.11.26"]
[Round "-"]
[White "Vivianna"]
[Black "ludovic25"]
[Result "0-1"]
[WhiteElo "1430"]
[BlackElo "1758"]

1. d4 Nf6 2. Nf3 d5 3. Bf4 Nc6 4. e3 Bg4 5. Be2 e6 6. O-O Bd6 7. Ne5 Bxe2 8.
Qxe2 O-O 9. Nc3 Ne4 10. Nxe4 dxe4 11. c3 Bxe5 12. dxe5 Qe7 13. b4 Rfd8 14. Qg4
Rd3 15. Rac1 a5 16. b5 Qc5 17. c4 Nb4 18. h3 Nxa2 19. Rc2 Nb4 20. Rb2 a4 21. Bg5
Qxc4 22. Be7 Nc2 23. Bf6 g6 24. Qh4 h5 25. Qg5 Kh7 26. Be7 a3 27. Rbb1 a2 28.
Qf6 Kg8 29. Bd8 axb1=Q 30. Rxb1 Raxd8 31. Rf1 Rd1 32. g3 Qxf1+ 33. Kh2 Qg1# 0-1

[Event "Challenge"]
[Site "http://www.queenalice.com/game.php?id=1126019"]
[Date "2012.11.26"]
[Round "-"]
[White "signifer"]
[Black "ludovic25"]
[Result "0-1"]
[WhiteElo "1499"]
[BlackElo "1707"]

1. e4 e5 2. Nf3 Nc6 3. Bc4 Bc5 4. c3 Nf6 5. d3 d5 6. d4 dxc4 7. dxc5 Qxd1+ 8.
Kxd1 h6 9. Na3 Be6 10. Nb5 O-O-O+ 11. Bd2 Nxe4 12. Re1 Nxf2+ 13. Kc1 Nd3+ 14.
Kc2 Nxe1+ 15. Bxe1 Bd5 16. Rd1 g5 17. g3 Be4+ 18. Kc1 Rxd1+ 19. Kxd1 Bxf3+ 20.
Kd2 Rd8+ 21. Ke3 Rd3+ 22. Kf2 e4 0-1

[Event "Challenge"]
[Site "http://www.queenalice.com/game.php?id=1126020"]
[Date "2012.11.26"]
[Round "-"]
[White "ludovic25"]
[Black "APSHOOTER"]
[Result "1-0"]
[WhiteElo "1720"]
[BlackElo "1566"]

1. e4 d5 2. exd5 Qxd5 3. Nc3 Qe5+ 4. Qe2 Nc6 5. Nf3 Qxe2+ 6. Bxe2 Bg4 7. O-O h6
8. h3 Bf5 9. d3 O-O-O 10. a3 Nd4 11. Nxd4 Rxd4 12. Be3 Rd7 13. a4 a6 14. b4 e5
15. Rfb1 Nf6 16. a5 Bd6 17. b5 Kd8 18. bxa6 c6 19. axb7 Ke7 20. a6 Nd5 21. Nxd5+
cxd5 22. a7 Rdd8 23. a8=Q 1-0

[Event "Challenge"]
[Site "http://www.queenalice.com/game.php?id=1126022"]
[Date "2012.11.26"]
[Round "-"]
[White "ludovic25"]
[Black "nonalors"]
[Result "1-0"]
[WhiteElo "1515"]
[BlackElo "1571"]

1. d4 d5 2. Nc3 Nf6 3. Bg5 e6 4. e4 h6 5. Bxf6 Qxf6 6. e5 Qg6 7. Nf3 Bb4 8. Bd3
Qxg2 9. Rg1 Qh3 10. Rg3 Bxc3+ 11. bxc3 Qh5 12. Rxg7 Nc6 13. Qe2 Na5 14. O-O-O
Nc4 15. Rdg1 Kf8 16. R1g4 c6 17. Qf1 Na3 18. Qg2 a5 19. Rh4 Qxh4 20. Nxh4 Nc4
21. Bh7 1-0

[Event "Challenge"]
[Site "http://www.queenalice.com/game.php?id=1132905"]
[Date "2012.12.20"]
[Round "-"]
[White "Camy"]
[Black "ludovic25"]
[Result "0-1"]
[WhiteElo "1667"]
[BlackElo "1790"]

1. d4 e5 2. dxe5 Nc6 3. Nf3 f6 4. exf6 Nxf6 5. Nc3 Bb4 6. a3 Bxc3+ 7. bxc3 d6 8.
e3 a6 9. Bc4 Bf5 10. Bd2 Ne4 11. Qe2 Qf6 12. Bd3 O-O-O 13. Bxe4 Bxe4 14. O-O
Bxf3 15. Qxf3 Qxf3 16. gxf3 Ne5 17. f4 Nf3+ 18. Kh1 Nxd2 19. Rg1 g6 20. Rad1 Ne4
21. c4 Nxf2+ 22. Kg2 Nxd1 23. Rxd1 Rde8 24. Kf3 Kd7 25. h4 Kc6 26. e4 Kc5 27.
Rb1 b6 28. Rb3 Kxc4 29. a4 a5 30. Ke3 d5 31. Kd2 dxe4 32. Rc3+ Kb4 33. Rb3+ Kxa4
34. Rb2 e3+ 35. Kc1 e2 36. c4 e1=Q+ 37. Kc2 Re2+ 38. Kd3 Rd8# 0-1

[Event "Challenge"]
[Site "http://www.queenalice.com/game.php?id=1135789"]
[Date "2012.12.30"]
[Round "-"]
[White "thigo"]
[Black "ludovic25"]
[Result "0-1"]
[WhiteElo "1547"]
[BlackElo "1762"]

1. e4 e5 2. Nf3 Nc6 3. Bc4 Bc5 4. Ng5 Qxg5 5. d3 Qxg2 6. Rf1 d6 7. Nd2 Nf6 8.
Qf3 Qxh2 9. Rh1 Qf4 10. Qg2 Ng4 11. Nf3 Bxf2+ 12. Ke2 Be3 13. Bxe3 Qxe3+ 14. Kf1
Nd4 15. Re1 Nxc2 16. Re2 Qc1+ 17. Ne1 Nce3+ 18. Rxe3 Nxe3+ 19. Kf2 Nxg2 20. Kxg2
Qxb2+ 21. Kg3 Be6 22. Bxe6 fxe6 23. Nf3 O-O 24. Ng5 Qf2+ 25. Kg4 Qg2+ 26. Kh4
Rf4+ 27. Kh5 Qg4# 0-1

[Event "Challenge"]
[Site "http://www.queenalice.com/game.php?id=1135796"]
[Date "2012.12.30"]
[Round "-"]
[White "ludovic25"]
[Black "Andrei_78"]
[Result "1-0"]
[WhiteElo "1841"]
[BlackElo "1807"]

1. c4 c5 2. Nc3 a6 3. d3 Nf6 4. Nf3 h6 5. g3 d6 6. Bg2 Nc6 7. O-O e5 8. a3 Be7
9. b4 cxb4 10. axb4 Nxb4 11. Qa4+ Bd7 12. Qxb4 Rb8 13. Be3 d5 14. Bc5 Bxc5 15.
Qxc5 Rc8 16. Qd6 e4 17. Ne5 Qe7 18. Qxe7+ Kxe7 19. Nxd7 Nxd7 20. Nxd5+ Ke6 21.
Bxe4 Rhe8 22. Nf4+ Ke7 23. Bxb7 Rb8 24. Bxa6 Nc5 25. Bb5 Red8 26. Ra7+ Kf8 27.
h4 Ne6 28. Nxe6+ fxe6 29. Rc1 Rd4 30. Ba6 Kg8 31. c5 Ra4 32. c6 Rb6 33. c7 Raxa6
34. c8=Q+ Kh7 35. Rxa6 Rxa6 36. Qxa6 e5 37. Rc7 e4 38. Qe6 exd3 39. Qf7 1-0

[Event "Challenge"]
[Site "http://www.queenalice.com/game.php?id=1138256"]
[Date "2013.1.7"]
[Round "-"]
[White "ludovic25"]
[Black "micbodu75"]
[Result "1-0"]
[WhiteElo "1804"]
[BlackElo "1674"]

1. d4 b6 2. e4 Bb7 3. f4 Bxe4 4. Nc3 Bb7 5. Nf3 Nf6 6. Bd3 c5 7. Be3 e6 8. Qe2
Qc7 9. Nb5 Qc8 10. O-O a6 11. Nc3 Bd6 12. Ne5 Nc6 13. Ne4 Nxe4 14. Bxe4 Nxe5 15.
Bxb7 Qxb7 16. dxe5 Be7 17. Rad1 d5 18. exd6 Bf6 19. d7+ Ke7 20. f5 Rad8 21. fxe6
fxe6 22. b4 Bd4 23. Bxd4 cxd4 24. Qe5 Rhg8 25. Qg5+ Kd6 26. Rxd4+ Kc7 27. Qe5+
Kc6 28. Qxe6+ Kb5 29. Rf5+ Ka4 30. Qb3# 1-0

[Event "Challenge"]
[Site "http://www.queenalice.com/game.php?id=1138995"]
[Date "2013.1.10"]
[Round "-"]
[White "Noraldino"]
[Black "ludovic25"]
[Result "0-1"]
[WhiteElo "1705"]
[BlackElo "1817"]

1. e4 e5 2. Nf3 Nc6 3. Nc3 Nf6 4. Bc4 Bc5 5. O-O d6 6. Ng5 O-O 7. d3 h6 8. Nh3
Bxh3 9. gxh3 Qd7 10. Qf3 Nd4 11. Qg3 b5 12. Bxh6 Nh5 13. Qg4 Qxg4+ 14. hxg4 bxc4
15. Bd2 Nf3+ 16. Kh1 Nxd2 17. Rg1 Nf4 18. Rg3 Bxf2 19. Rg2 Nxg2 20. Kxg2 cxd3
21. Kxf2 dxc2 22. Rc1 Rab8 23. Rxc2 Nc4 24. b3 Na3 25. Rd2 f6 26. h4 Kh7 27. Nd5
Nb5 28. a4 Nd4 29. Nxc7 Nxb3 30. Rxd6 Nc5 31. Kf3 Rb3+ 32. Ke2 Rc8 33. Nd5 Nxe4
34. Ne3 Rxe3+ 35. Kxe3 Nxd6 36. g5 Nf5+ 37. Ke4 Nxh4 38. gxf6 gxf6 39. Kd5 Re8
40. Kd6 e4 41. Kd7 Re5 42. Kc6 a5 43. Kb6 Kg7 44. Ka6 Kf7 45. Kb7 Re6 46. Kc7
Ke7 47. Kc8 Kd6 48. Kd8 Kc6 49. Kc8 Re8# 0-1

[Event "Challenge"]
[Site "http://www.queenalice.com/game.php?id=1140278"]
[Date "2013.1.13"]
[Round "-"]
[White "ludovic25"]
[Black "askasl159"]
[Result "1-0"]
[WhiteElo "1830"]
[BlackElo "1747"]

1. e4 e5 2. Nf3 d6 3. d4 f5 4. Nc3 Nc6 5. dxe5 dxe5 6. Qxd8+ Kxd8 7. Ng5 Ke8 8.
Nb5 Bd6 9. Bc4 h6 10. Nf7 Rh7 11. Nfxd6+ cxd6 12. Nc7+ Kd8 13. Nxa8 Nf6 14. Be3
g5 15. O-O-O Ne8 16. exf5 Bxf5 17. Bd5 Nc7 18. Bxc6 bxc6 19. Nxc7 Kxc7 20. Bxa7
d5 21. Bc5 Be4 22. f3 Bg6 23. c4 dxc4 24. Bd6+ 1-0

[Event "Challenge"]
[Site "http://www.queenalice.com/game.php?id=1141528"]
[Date "2013.1.17"]
[Round "-"]
[White "pokemon"]
[Black "ludovic25"]
[Result "1/2-1/2"]
[WhiteElo "1793"]
[BlackElo "1844"]

1. d4 Nf6 2. e3 e6 3. Nf3 c5 4. c3 Nc6 5. Bd3 d5 6. Nbd2 c4 7. Bc2 Bd6 8. e4
dxe4 9. Nxe4 Nxe4 10. Bxe4 O-O 11. Bxh7+ Kxh7 12. Ng5+ Kg6 13. h4 f5 14. h5+ Kf6
15. Nh7+ Kf7 16. h6 g6 17. Nxf8 Bxf8 18. Qf3 Bd7 19. Qg3 Be7 20. h7 Qh8 21. Bg5
Bxg5 22. Qxg5 Qg7 23. O-O-O Ne7 24. Rh4 Bc6 25. f3 Rh8 26. Rdh1 Qf6 27. Qh6 g5
28. Qxf6+ Kxf6 29. Rh6+ Ng6 30. Kd2 Kg7 31. R6h5 g4 32. Ke3 f4+ 33. Kf2 g3+ 34.
Ke2 a6 35. b3 Bd5 36. b4 b5 37. Kd2 1/2-1/2